| 000 | 00565nam a2200181 i 4500 | ||
|---|---|---|---|
| 001 | 88339 | ||
| 003 | ES-MaACL | ||
| 005 | 20230906175837.0 | ||
| 007 | t| | ||
| 008 | 050104s1935 sp ||||1| spa d | ||
| 100 | 1 |
_aLáinez Alcalá, Rafael, _d1899-1982 _969691 |
|
| 245 | 1 | 0 |
_aPedro Berruguete pintor de Castilla _b: ensayo crítico biográfico / _cRafael Lainez Alcalá. |
| 260 |
_aMadrid : _bEspasa-Calpe, _c1935. |
||
| 300 |
_a159 p. ; _c26 cm. |
||
| 500 | _aPremio Nacional de Literatura, 1934. | ||
| 852 |
_aES-MaACL _jA-4128 |
||
| 999 |
_c88339 _d88339 |
||